Multiple Choice Flags of North America Quiz Stats

 Plays Quiz Updated Sep 7, 2018

Score 0/23 Timer 03:00
0 Plays Today
Question Answer Wrong Answers
United States United States
97.2%
Canada
0.3%
Canada Canada
97%
Mexico
0.3%
Mexico Mexico
97%
Barbados
0.4%
Guatemala Guatemala
96.6%
United States
0.7%
Jamaica Jamaica
96.1%
Dominica
1.3%
Cuba Cuba
93.7%
Honduras
3.6%
St. Vincent and the Grenadines St. Vincent and the Grenadines
92.4%
Jamaica
4.9%
Bahamas Bahamas
88.5%
Nicaragua
8.7%
Panama Panama
87.3%
Antigua and Barbuda
10%
Dominican Republic Dominican Republic
87.3%
Trinidad and Tobago
10.1%
Trinidad and Tobago Trinidad and Tobago
86.5%
Dominican Republic
10.8%
Antigua and Barbuda Antigua and Barbuda
85.5%
Dominican Republic
11.7%
Belize Belize
85.4%
Panama
12%
Nicaragua Nicaragua
80.1%
St. Vincent and the Grenadines
17.2%
Honduras Honduras
80%
Nicaragua
17.5%
Barbados Barbados
79%
Bahamas
18.5%
St. Kitts and Nevis St. Kitts and Nevis
78.8%
El Salvador
18.5%
St. Lucia St. Lucia
78.2%
Bahamas
19.2%
Grenada Grenada
77.8%
St. Lucia
19.6%
Haiti Haiti
77.4%
Costa Rica
19.9%
El Salvador El Salvador
76%
Haiti
21.4%
Dominica Dominica
75.3%
Grenada
22.1%
Costa Rica Costa Rica
75.1%
Cuba
22.4%

You're not logged in!

Compare scores with friends on all Sporcle quizzes.
OR
Log In

Sporcle TV

Today on Sporcle TV


Watch our educational content, quiz creation guides, and fun videos on Sporcle TV.

Show Comments

Extras

Top Quizzes Today


Score Distribution

Your Account Isn't Verified!

In order to create a playlist on Sporcle, you need to verify the email address you used during registration. Go to your Sporcle Settings to finish the process.

Report this User

Report this user for behavior that violates our Community Guidelines.

Details: